Desafio para el sur: panorama general y resumen del informe de la Comisión del Sur
Gorde:
| Erakunde egilea: | |
|---|---|
| Formatua: | Liburua |
| Hizkuntza: | gaztelania |
| Argitaratua: |
Ginebra
Comisión del Sur
1990
|
| Gaiak: | |
| Etiketak: |
Etiketa erantsi
Etiketarik gabe, Izan zaitez lehena erregistro honi etiketa jartzen!
|
MARC
| LEADER | 00000nam a2200000 a 4500 | ||
|---|---|---|---|
| 001 | UCX4547 | ||
| 003 | CL-VaPUC | ||
| 008 | 920610e19900000SZ |||||||||||||||||spa|d | ||
| 082 | 0 | 4 | |a 330 |b COM |2 21 |
| 110 | 2 | |a Comisión del Sur |e author |9 320730 | |
| 245 | 1 | 0 | |a Desafio para el sur: panorama general y resumen del informe de la Comisión del Sur |
| 300 | |a 93 p | ||
| 942 | |c BK | ||
| 945 | |d 19920610 00:00:00 | ||
| 260 | |a Ginebra |b Comisión del Sur |c 1990 | ||
| 650 | 0 | |a COOPERACION ECONOMICA |9 307939 | |
| 650 | 0 | |a Desarrollo económico |9 259599 | |
| 650 | 0 | |a Países en desarrollo |9 259663 | |
| 650 | 0 | |a Condiciones económicas |9 258255 | |
| 583 | |a last modification |c 19920610 00:00:00 |k Rodrigo Vera | ||
| 999 | |c 224981 |d 224979 | ||
| 952 | |0 0 |1 0 |4 0 |6 330_000000000000000_COM_1990 |7 0 |8 A |9 222111 |a BIBENE |b BIBENE |d 2019-11-15 |i 2909596 |o 330 COM 1990 |p 2909596 |r 2025-01-15 |w 2019-11-15 |y BK |k ICO | ||
| 952 | |0 0 |1 0 |4 0 |6 330_000000000000000_COM_1990 |7 0 |8 A |9 222112 |a BIBDER |b BIBDER |d 2019-11-15 |i 290960K |o 330 COM 1990 |p 290960K |r 2023-01-25 |w 2019-11-15 |y BK |k DER | ||
| 952 | |0 0 |1 0 |4 0 |6 330_000000000000000_COM_1990 |7 0 |8 A |9 222113 |a BIBHIS |b BIBHIS |d 2019-11-15 |i 2907704 |o 330 COM 1990 |p 2907704 |r 2025-01-20 |w 2019-11-15 |y BK |k HIS | ||